[Event "Al Ain Amateur op 4th"]
[Site "Al Ain"]
[Date "2015.12.27"]
[Round "6"]
[White "Al Mazrouae, Abdulrahman"]
[Black "Viswanath, Raghu Rohan"]
[Result "1-0"]
[WhiteElo "1098"]
[BlackElo "1173"]
[PlyCount "44"]
[EventDate "2015.12.23"]
[EventType "swiss"]
[EventRounds "9"]
[EventCountry "UAE"]
[SourceTitle "CBM 170 Extra"]
[Source "ChessBase"]
[SourceDate "2016.02.25"]
[SourceVersion "1"]
[SourceVersionDate "2016.02.25"]
[SourceQuality "1"]

1. d4 Nf6 2. Bf4 d5 3. Nf3 Bf5 4. e3 c5 5. Bd3 Bg6 6. 0-0 e6 7. c4 Bd6 8. Bg3 Nc6 9. Nc3 dxc4 10. Bxc4 Bxg3 11. hxg3 0-0 12. Re1 Ne7 13. Qb3 Nf5 14. d5 exd5 15. Nxd5 Nd6 16. Ne7+ Kh8 17. Nxg6+ fxg6 18. Rad1 Qc7 19. Bd3 Rae8 20. Ne5 Nf5 21. Bxf5 gxf5 22. Nf3 Re7 1-0

[Event "Al Ain Amateur op 4th"]
[Site "Al Ain"]
[Date "2015.12.25"]
[Round "3"]
[White "Viswanath, Raghu Rohan"]
[Black "Hazza, Salah Mohammed"]
[Result "1-0"]
[WhiteElo "1173"]
[BlackElo "1314"]
[PlyCount "45"]
[EventDate "2015.12.23"]
[EventType "swiss"]
[EventRounds "9"]
[EventCountry "UAE"]
[SourceTitle "CBM 170 Extra"]
[Source "ChessBase"]
[SourceDate "2016.02.25"]
[SourceVersion "1"]
[SourceVersionDate "2016.02.25"]
[SourceQuality "1"]

1. Nf3 Nf6 2. d4 c5 3. c3 d5 4. Bf4 Nc6 5. e3 Bf5 6. Bd3 Bxd3 7. Qxd3 e6 8. Nbd2 c4 9. Qc2 Bd6 10. Bg3 Qe7 11. 0-0 e5 12. dxe5 Nxe5 13. Nd4 Nd3 14. Nf5 Qd7 15. Nxd6+ Kd8 16. e4 Nh5 17. Nf5 dxe4 18. Nd4 Qg4 19. Nxc4 f5 20. f3 exf3 21. Qxd3 fxg2 22. Nxf5+ Kc8 23. Ne7# 1-0

[Event "Al Ain Amateur op 4th"]
[Site "Al Ain"]
[Date "2015.12.23"]
[Round "1"]
[White "Viswanath, Raghu Rohan"]
[Black "Danilo, Reyes G"]
[Result "1/2-1/2"]
[WhiteElo "1173"]
[BlackElo "1710"]
[PlyCount "59"]
[EventDate "2015.12.23"]
[EventType "swiss"]
[EventRounds "9"]
[EventCountry "UAE"]
[SourceTitle "CBM 170 Extra"]
[Source "ChessBase"]
[SourceDate "2016.02.25"]
[SourceVersion "1"]
[SourceVersionDate "2016.02.25"]
[SourceQuality "1"]

1. Nf3 Nf6 2. c4 e6 3. Nc3 c6 4. e3 d5 5. b3 Nbd7 6. Bb2 Be7 7. Be2 0-0 8. 0-0 Re8 9. d4 Nf8 10. Qc2 Ng6 11. e4 Bb4 12. Bd3 Nf4 13. Rfe1 Nxd3 14. Qxd3 dxe4 15. Rxe4 Bxc3 16. Bxc3 Nxe4 17. Qxe4 f6 18. Re1 Qe7 19. d5 cxd5 20. cxd5 e5 21. Nd2 Qf7 22. Nc4 Rd8 23. Rd1 g6 24. Bb4 Bf5 25. Qf3 e4 26. Qf4 Rxd5 27. Rxd5 Qxd5 28. Ne3 Qc6 29. Ba3 Rd8 30. g4 1/2-1/2